000 00976nam a2200265Ia 4500
003 OSt
005 20221005111808.0
006 a|||||r|||| 00| 0
007 ta
008 221004b |||||||| |||| 00| 0 hin d
020 _cINR 155.00
024 _a41539
037 _bBBS/76, 18/02/2019, Better Book Service
_cTextual
040 _aCRL
_cCRL
_bhin
041 _2hin
_ahin
082 _aV2:28w, 152P3
100 _aखां, रियाजुद्दीन, अनु.
_9623910
245 0 _aअमीर नामा
246 _aAmīr nāmā
260 _aराजस्थान
_bमौलाना अबुल कलाम आजाद अरबी फारसी शोध संस्थान
_c2003
300 _a292पृ0
_ccm.
650 _aइतिहास
942 _hV2:28w, 152P3
_cTEXL
_2cc
999 _c1022928
_d1022928